Engineering Mechanics: (Record no. 196207)

MARC details
000 -LEADER
fixed length control field 00620nam a22001937a 4500
005 - DATE AND TIME OF LATEST TRANSACTION
control field 20230606155324.0
010 ## - LCCN (DPL NO)
LC control number ENG-137097
020 ## - INTERNATIONAL STANDARD BOOK NUMBER
International Standard Book Number 9789389211573
Terms of availability 1195.00
035 ## - SYSTEM CONTROL NUMBER
System control number EN-120629
037 ## - SOURCE OF ACQUISITION
Source of stock number/acquisition DBAD/PUB
082 ## - DEWEY DECIMAL CLASSIFICATION NUMBER
Classification number 620.103
100 ## - MAIN ENTRY--PERSONAL NAME
Personal name Dumir, P.C.
245 ## - TITLE STATEMENT
Title Engineering Mechanics:
Statement of responsibility, etc by P.C. Dumir
260 ## - PUBLICATION, DISTRIBUTION, ETC. (IMPRINT)
Place of publication, distribution, etc Telangana
Name of publisher, distributor, etc Universities Press (India) Private Limited
Date of publication, distribution, etc 2020
270 ## - ADDRESS
Address 3-6-747/1/A & 3-6-754/1, Himayatnagar
City Hyderabad
Postal code 500029
300 ## - PHYSICAL DESCRIPTION
Extent x, 830p.;
Dimensions 25cm(pbk)
Other physical details Appendixes
700 ## - ADDED ENTRY--PERSONAL NAME
Personal name S. Sengupta and Srinivas V Veeravalli
942 ## - ADDED ENTRY ELEMENTS (KOHA)
Source of classification or shelving scheme Dewey Decimal Classification
Item type English Books
Call number suffix DUM
Classification part 620.103
Holdings
Withdrawn status Lost status Not for loan Collection code Home library Current library Date acquired Source of acquisition Cost, normal purchase price Full call number Barcode Copy number Cost, replacement price Koha item type
      Non-fiction Bawana Bawana 06/06/2023 DBAD/PUB 1195.00 620.103 DUM EN-120629 1 1195.00 English Books

© Delhi Public Library
Hit Counter
free hit counter